| 000 | 00646nam a2200205Ii 4500 | ||
|---|---|---|---|
| 003 | JO-AjNU | ||
| 008 | 230605s9999||||xx |||||||||||||| ||und|| | ||
| 017 | _a1998/7/1164 | ||
| 040 |
_aJO-AjNU _bara _erda _cJO-AjNU |
||
| 041 | _aara | ||
| 050 | 1 | 4 | _aG155.R5538 1998 |
| 100 | 3 |
_aالريماوي، حسين, _eauthor _953219 |
|
| 245 | 0 | 0 | _aمدخل الى السياحة والاستجمام والتنزه |
| 264 | 3 | 1 | _aعمان: دار النظم، 1998 |
| 300 | _a191ص | ||
| 336 |
_atext _btxt _2rdacontent |
||
| 337 |
_aunmediated _bn _2rdamedia |
||
| 338 |
_avolume _bnc _2rdacarrier |
||
| 650 | 4 |
_aالاردن - السياحة _953220 |
|
| 999 |
_aA23622 _c27190 _d27190 |
||